000 00336 a2200145 4500
001 75727
020 _a9788576768814
040 _cAnchieta - Colégio São Paulo
240 1 0 _aBarbie em Amélia e o urso
_lpor
245 1 0 _aBarbie em Amélia e o urso
300 _a29
362 0 _a2010
650 4 _aLiteratura infantil
942 _cBK
999 _c75727
_d75727